01030cam a22002531 4500001001300000003000400013005001700017008004100034010001700075035001900092040004300111042001200154050002400166110012600190245007700316260004300393300004500436490003200481500011500513500004600628650001600674700004700690710003900737l 26000021 DLC20260227111530.0800424s1926 dcuak f000 0 eng c al 26000021  a(OCoLC)6238983 aLibrary, U.S. Dept. of LaborcOCldDLC apremarc00aHV741b.A32 no. 1541 aUnited States.bChildren's Bureau.bCommittee on standards for physicians conducting conferences in child-health centers.10aStandards for physicians conducting conferences in child-health centers. aWashington,bGovt. print. off.,c1926. aiii, 11 p.billus., fold. forms.c23 cm.0 aBureau publicationvno. 154 aAt head of title: U.S. Department of labor. James J. Davis, secretary. Children's bureau. Grace Abbott, chief. aPrepared by Dr. Richard Smith and others. 0aChild care.1 aSmith, Richard M.q(Richard Mason),d1881-1 aUnited States.bChildren's Bureau.